000 00571nam a22001937a 4500
999 _c5685
_d5685
003 GBCCL
005 20241126110547.0
008 180404b ||||| |||| 00| 0 eng d
040 _cgbc
082 _a248.246
_bAMB
100 _aAmbrie, Hamran
_910263
245 _aGod has chosen for me everlasting life /
_cHamran Ambrie
260 _aSwitzerland:
_bThe Good Way,
_c1989
300 _a95 p.;
_c16 cm.
650 _aAmbrie, Hamran
_910263
650 _aChristian converts from Islam
_910264
650 _aChristianity and other religions
_vIslam
_910265
942 _2ddc
_cBK